Histoire de la taille royale aux XVIIe et XVIIIe siècles : étude destinée à l'histoire des institutions financières de l'ancienne France /

Bibliographic Details
Main Author: Callery, Alphonse
Corporate Author: Gale (Firm)
Format: eBook
Language:French
Published: Bruxelles : A. Vromant, 1882.
Series:Making of the modern world. Part 2 (1851-1914)
Subjects:
Online Access:Connect to the full text of this electronic book

MARC

Tag First Indicator Second Indicator Subfields
LEADER 00000cam a2200000La 4500
001 in00003851513
005 20190415181919.0
006 m o d
007 cr |n||||||||n
008 820730r18821881be ob 000 0 fre d
035 |a (MiFhGG)MOMW204244 
035 |a (OCoLC)797289906 
040 |a TGPSM  |c UtOrBLW  |d UtOrBLW 
043 |a e-fr--- 
100 1 |a Callery, Alphonse.  |0 http://id.loc.gov/authorities/names/no94014691 
245 1 0 |a Histoire de la taille royale aux XVIIe et XVIIIe siècles :  |b étude destinée à l'histoire des institutions financières de l'ancienne France /  |c par Alphonse Callery. 
264 1 |a Bruxelles :  |b A. Vromant,  |c 1882. 
300 |a 1 online resource (61 pages). 
336 |a text  |b txt  |2 rdacontent 
337 |a computer  |b c  |2 rdamedia 
338 |a online resource  |b cr  |2 rdacarrier 
490 1 |a The making of the modern world. Part 2 (1851-1914) 
500 |a Reproduction from the Rare Book and Manuscript Library of Columbia University. 
500 |a "Ce mémoire, extrait de la Revue des questions historiques, a été lu à l'Académie des sciences morales et politiques dans les séances des 24 et 31 décembre 1881"--Half title page verso. 
504 |a Includes bibliographical references. 
500 |a Electronic resource. 
650 0 |a Taxation  |z France  |x History.  |0 http://id.loc.gov/authorities/subjects/sh2010115625 
655 7 |a Electronic books.  |2 local 
710 2 |a Gale (Firm)  |0 http://id.loc.gov/authorities/names/no2008071348 
830 0 |a Making of the modern world. Part 2 (1851-1914) 
856 4 0 |u http://proxy.library.tamu.edu/login?url=http://find.galegroup.com/openurl/openurl?url_ver=Z39.88-2004&url_ctx_fmt=info:ofi/fmt:kev:mtx:ctx&res_id=info:sid/gale:MOME&ctx_enc=info:ofi:enc:UTF-8&rft_val_fmt=info:ofi/fmt:kev:mtx:unknown&rft.artnum=U112910454&req_dat=info:sid/gale:ugnid:txshracd2898  |z Connect to the full text of this electronic book  |t 0 
999 f f |s 2ac9e247-84e3-3a98-b153-a2463d2638c1  |i 03b7fb5b-a64a-3d5d-aaa0-a54a7df97c14  |t 0 
952 f f |a Texas A&M University  |b College Station  |c Electronic Resources  |d Available Online  |t 0  |h No information provided 
998 f f |t 0  |l Available Online